[Event "Medellin Flores op 23rd"]
[Site "Medellin"]
[Date "2016.08.07"]
[Round "8"]
[White "Pena, Alcides"]
[Black "Quintero, Luis Alberto"]
[Result "1-0"]
[WhiteElo "1823"]
[BlackElo "1502"]
[PlyCount "93"]
[EventDate "2016.08.03"]
[EventType "swiss"]
[EventRounds "9"]
[EventCountry "COL"]
[SourceTitle "CBM 173 Extra"]
[Source "ChessBase"]
[SourceDate "2016.08.29"]
[SourceVersion "1"]
[SourceVersionDate "2016.08.29"]
[SourceQuality "1"]

1. d4 f5 2. c4 c6 3. Nc3 Nf6 4. g3 e6 5. Bg2 d5 6. cxd5 exd5 7. Nf3 Bd6 8. 0-0 h6 9. Nh4 Nbd7 10. Ng6 Rg8 11. Qc2 Nf8 12. Nf4 g5 13. Nd3 Qe7 14. e3 Ng6 15. Na4 g4 16. Nf4 Qf7 17. Nc5 Rh8 18. Ncd3 h5 19. Nxg6 Qxg6 20. Nf4 Qf7 21. h4 Bd7 22. Bd2 0-0-0 23. Nd3 Ne4 24. Nf4 Kb8 25. Rfb1 Be7 26. Be1 Qg7 27. b4 Ng5 28. hxg5 Qxg5 29. a4 h4 30. b5 hxg3 31. fxg3 Rh6 32. bxc6 Bxc6 33. Bb4 Rdh8 34. Bxe7 Qxe7 35. Kf2 Re8 36. Qd2 Rh2 37. Rh1 Reh8 38. Rxh2 Rxh2 39. Qd3 Qf7 40. a5 a6 41. Qa3 Qe8 42. Qd6+ Ka7 43. Qe5 Qf7 44. Rh1 Rxh1 45. Bxh1 Qf8 46. Bxd5 Qb4 47. Bxc6 1-0

[Event "Medellin Flores op 23rd"]
[Site "Medellin"]
[Date "2016.08.05"]
[Round "5"]
[White "Acosta Cruz, Luis Ivan"]
[Black "Quintero, Luis Alberto"]
[Result "1-0"]
[WhiteElo "1838"]
[BlackElo "1502"]
[PlyCount "53"]
[EventDate "2016.08.03"]
[EventType "swiss"]
[EventRounds "9"]
[EventCountry "COL"]
[SourceTitle "CBM 173 Extra"]
[Source "ChessBase"]
[SourceDate "2016.08.29"]
[SourceVersion "1"]
[SourceVersionDate "2016.08.29"]
[SourceQuality "1"]

1. d4 Nf6 2. c4 e6 3. Nf3 d6 4. Nc3 b6 5. e4 Be7 6. Bd3 c5 7. d5 e5 8. Ne2 h6 9. Ng3 g6 10. h3 Bf8 11. Be3 Bg7 12. Qd2 Bd7 13. b4 Na6 14. b5 Nc7 15. 0-0 a5 16. a4 Qe7 17. Rad1 0-0-0 18. Nh2 Ng8 19. Be2 f5 20. exf5 gxf5 21. f4 exf4 22. Bxf4 Bd4+ 23. Kh1 Nf6 24. Nf3 Qg7 25. Nxd4 cxd4 26. Qxd4 Kb7 27. Bf3 1-0

[Event "Medellin Flores op 22nd"]
[Site "Medellin"]
[Date "2015.08.08"]
[Round "7"]
[White "Bravo, Juan Eduardo"]
[Black "Quintero, Luis Alberto"]
[Result "1-0"]
[WhiteElo "1740"]
[BlackElo "1567"]
[PlyCount "41"]
[EventDate "2015.08.05"]
[EventType "swiss"]
[EventRounds "9"]
[EventCountry "COL"]
[SourceTitle "EXT 2016"]
[Source "ChessBase"]
[SourceDate "2015.10.08"]
[SourceVersion "1"]
[SourceVersionDate "2015.10.08"]
[SourceQuality "1"]

1. e4 c5 2. Nf3 d6 3. c4 Nc6 4. d4 cxd4 5. Nxd4 Nxd4 6. Qxd4 e6 7. Nc3 Nf6 8. Be2 Bd7 9. 0-0 Be7 10. Be3 e5 11. Qd2 a6 12. Rac1 0-0 13. f3 Qc7 14. Rfd1 Ne8 15. Bf1 Rd8 16. Nd5 Qb8 17. Nxe7+ Kh8 18. Bb6 Nc7 19. Qxd6 Be6 20. Qxc7 Rxd1 21. Rxd1 1-0

[Event "Medellin Flores op 22nd"]
[Site "Medellin"]
[Date "2015.08.08"]
[Round "6"]
[White "Salamanca, Juan David"]
[Black "Quintero, Luis Alberto"]
[Result "1-0"]
[WhiteElo "1748"]
[BlackElo "1567"]
[PlyCount "73"]
[EventDate "2015.08.05"]
[EventType "swiss"]
[EventRounds "9"]
[EventCountry "COL"]
[SourceTitle "EXT 2016"]
[Source "ChessBase"]
[SourceDate "2015.10.08"]
[SourceVersion "1"]
[SourceVersionDate "2015.10.08"]
[SourceQuality "1"]

1. b3 e5 2. Bb2 Nc6 3. e3 d5 4. Bb5 Bd6 5. Nf3 Qe7 6. 0-0 Nf6 7. h3 a6 8. Bxc6+ bxc6 9. d4 e4 10. Nfd2 g5 11. f3 h5 12. fxe4 Nxe4 13. Nxe4 Qxe4 14. Qf3 Qxf3 15. Rxf3 g4 16. hxg4 hxg4 17. Rf6 Ke7 18. Rf1 Be6 19. Ba3 Bxa3 20. Nxa3 g3 21. Rf3 Rag8 22. Raf1 Rh7 23. c3 Rgh8 24. Rxg3 Rh1+ 25. Kf2 Rxf1+ 26. Kxf1 Rh1+ 27. Ke2 Ra1 28. Nc2 Rxa2 29. Kd1 Bf5 30. Nb4 Ra1+ 31. Kd2 Kd6 32. Rf3 Be6 33. Nc2 Ra2 34. Kc1 c5 35. dxc5+ Kxc5 36. Kb1 Rxc2 37. Kxc2 1-0

[Event "Medellin Flores op 22nd"]
[Site "Medellin"]
[Date "2015.08.07"]
[Round "5"]
[White "Quintero, Luis Alberto"]
[Black "Duque, Arnel Alberto"]
[Result "0-1"]
[WhiteElo "1567"]
[BlackElo "1895"]
[PlyCount "73"]
[EventDate "2015.08.05"]
[EventType "swiss"]
[EventRounds "9"]
[EventCountry "COL"]
[SourceTitle "EXT 2016"]
[Source "ChessBase"]
[SourceDate "2015.10.08"]
[SourceVersion "1"]
[SourceVersionDate "2015.10.08"]
[SourceQuality "1"]

1. d4 d5 2. c4 e6 3. Nf3 c6 4. Bf4 f5 5. e3 Bd6 6. Ne5 Nf6 7. c5 Bc7 8. Qa4 0-0 9. Nc3 Qe7 10. b4 Ne4 11. Qc2 g5 12. Bg3 Nxc3 13. Qxc3 f4 14. Bd3 Bxe5 15. dxe5 fxg3 16. hxg3 Rf7 17. Ke2 Nd7 18. Rh6 Nf8 19. Rah1 Bd7 20. Qd4 a5 21. b5 cxb5 22. R1h5 Rg7 23. Qg4 Be8 24. Rh3 Bg6 25. Bxg6 Rxg6 26. Rxg6+ Nxg6 27. f4 Rf8 28. Rh5 Rf5 29. Qh3 d4 30. e4 Rxf4 31. Kd3 Rh4 32. Rxh4 gxh4 33. Kxd4 Qd8+ 34. Kc3 Qc8 35. Kd4 Qd7+ 36. Ke3 Qc6 37. Ke2 0-1